[Event "2nd CHN-IND Summit 2017"]
[Site "Liaocheng CHN"]
[Date "2017.03.05"]
[Round "1.3"]
[White "Lu, Shanglei"]
[Black "Gupta, Abhijeet"]
[Result "1/2-1/2"]
[WhiteTitle "GM"]
[BlackTitle "GM"]
[WhiteElo "2624"]
[BlackElo "2627"]
[WhiteTeam "China"]
[BlackTeam "India"]
[WhiteFideId "8603332"]
[BlackFideId "5010608"]
[EventDate "2017.03.05"]

1. e4 e6 2. d4 d5 3. Nd2 c5 4. Ngf3 cxd4 5. exd5 Qxd5 6. Bc4 Qd7 7. O-O Nc6 8.
Nb3 Nf6 9. Nbxd4 Nxd4 10. Qxd4 Qxd4 11. Nxd4 Bd7 12. Rd1 Bc5 13. Be2 Rc8 14. c4
e5 15. Nc2 Bf5 16. Ne3 Be6 17. Bf3 b6 18. b3 Bd4 19. Rb1 O-O 20. Ba3 Rfd8 21. h3
h6 22. Rbc1 a5 23. Nc2 Bc3 24. Be7 Rd7 25. Bxf6 gxf6 26. Rxd7 Bxd7 27. Rd1 Bf5
28. Ne3 Be6 29. Rd6 Bd4 30. Nd5 Bxd5 31. Bxd5 Kg7 32. Rd7 Rf8 33. Be4 Re8 34.
Kf1 Bc5 35. Bf5 e4 36. Ke2 h5 37. h4 Kf8 38. Rd5 Kg7 39. Bd7 Re7 40. g3 Kg6 41.
Bf5+ Kg7 42. Bh3 Kg6 43. Rd8 Kg7 44. Bd7 Re5 45. Rb8 Re7 46. Bc6 f5 47. Bd5 Rd7
48. a4 Re7 49. Rd8 Re5 50. Rd7 Re7 51. Rd8 Re5 1/2-1/2

[Event "2nd CHN-IND Summit 2017"]
[Site "Liaocheng CHN"]
[Date "2017.03.06"]
[Round "2.3"]
[White "Gupta, Abhijeet"]
[Black "Zhou, Jianchao"]
[Result "0-1"]
[WhiteTitle "GM"]
[BlackTitle "GM"]
[WhiteElo "2627"]
[BlackElo "2619"]
[WhiteTeam "India"]
[BlackTeam "China"]
[WhiteFideId "5010608"]
[BlackFideId "8603537"]
[EventDate "2017.03.05"]

1. d4 d5 2. c4 e6 3. Nc3 Bb4 4. a3 Bxc3+ 5. bxc3 Nf6 6. cxd5 exd5 7. e3 O-O 8.
Bd3 b6 9. Ne2 Ba6 10. O-O c5 11. dxc5 bxc5 12. Bxa6 Nxa6 13. c4 dxc4 14. Qc2 Qd3
15. Ra2 Nd5 16. Rd1 Qxc2 17. Rxc2 Nb6 18. e4 Rfd8 19. Rcd2 Rxd2 20. Rxd2 Kf8 21.
f3 Ke7 22. Kf2 Rd8 23. Nc3 Nc7 24. Ke3 Rxd2 25. Bxd2 Kd6 26. a4 Kc6 27. h4 h5
28. g4 hxg4 29. fxg4 Ne6 30. e5 Nd7 31. Ke4 f6 32. exf6 Nxf6+ 33. Kf5 Nd4+ 34.
Kg6 Nxg4 35. Bg5 Ne6 36. Kf5 Nxg5 37. hxg5 Ne3+ 38. Ke4 Nc2 39. Ke5 Nd4 40. g6
Nf3+ 41. Ke6 Nh4 42. Kf7 Kb6 43. Kxg7 Ka5 44. Kf6 Nxg6 45. Kxg6 Kb4 46. Ne2 Kxa4
47. Kf5 Kb3 48. Ke4 a5 49. Kd5 Kb4 50. Nc1 a4 51. Ne2 c3 52. Ke4 Kb3 53. Kd5 a3
54. Kxc5 a2 55. Kd4 0-1

[Event "2nd CHN-IND Summit 2017"]
[Site "Liaocheng CHN"]
[Date "2017.03.06"]
[Round "2.4"]
[White "Karthikeyan, Murali"]
[Black "Lu, Shanglei"]
[Result "0-1"]
[WhiteTitle "GM"]
[BlackTitle "GM"]
[WhiteElo "2578"]
[BlackElo "2624"]
[WhiteTeam "India"]
[BlackTeam "China"]
[WhiteFideId "5074452"]
[BlackFideId "8603332"]
[EventDate "2017.03.05"]

1. Nf3 Nf6 2. g3 d5 3. Bg2 c6 4. O-O Bg4 5. d4 Nbd7 6. Nbd2 e6 7. Re1 Bd6 8. e4
dxe4 9. Nxe4 Nxe4 10. Rxe4 Bh5 11. h3 O-O 12. Re1 Re8 13. g4 Bg6 14. Ne5 Nxe5
15. dxe5 Bc5 16. c3 Qh4 17. Qf3 Red8 18. Bf1 Rd7 19. Bf4 Rad8 20. Bg3 Qe7 21. h4
Rd2 22. b4 Bb6 23. a3 h6 24. c4 c5 25. b5 Ba5 26. h5 Bh7 27. Be2 R8d4 28. Red1
Be4 29. Qe3 Qd8 30. Kh2 Rb2 31. Bf3 Rbd2 32. Rxd2 Bxd2 33. Qe2 Bxf3 34. Qxf3 b6
35. Qe2 Bf4 36. Bxf4 Rxf4 37. Kg3 Rd4 38. a4 Rd3+ 39. Kg2 Rd2 40. Qf3 Rd3 41.
Qe2 Qd4 42. Rc1 Rd2 43. Qf3 Qxe5 44. Rd1 Rxd1 45. Qxd1 Qe4+ 46. Kg3 Qxc4 47. Qd7
Qc3+ 48. Kg2 Qd4 49. Qxa7 c4 50. a5 c3 51. Qc7 Qxg4+ 52. Kh2 Qxh5+ 53. Kg3 Qg6+
54. Kf3 Qd3+ 55. Kg2 Qe4+ 56. Kg3 bxa5 57. b6 c2 58. b7 Qxb7 0-1

[Event "2nd CHN-IND Summit 2017"]
[Site "Liaocheng CHN"]
[Date "2017.03.08"]
[Round "4.1"]
[White "Zhou, Jianchao"]
[Black "Ganguly, Surya Shekhar"]
[Result "1/2-1/2"]
[WhiteTitle "GM"]
[BlackTitle "GM"]
[WhiteElo "2619"]
[BlackElo "2644"]
[WhiteTeam "China"]
[BlackTeam "India"]
[WhiteFideId "8603537"]
[BlackFideId "5002150"]
[EventDate "2017.03.05"]

1. d4 Nf6 2. c4 e6 3. Nc3 Bb4 4. Nf3 b6 5. Bd2 Bb7 6. g3 O-O 7. Bg2 d6 8. O-O
Nbd7 9. b3 c5 10. a3 Bxc3 11. Bxc3 Be4 12. dxc5 Nxc5 13. b4 Nb7 14. Qb3 Rc8 15.
Rac1 Qe7 16. Rfd1 d5 17. cxd5 Bxd5 18. Qb1 Ne4 19. Ba1 Nbd6 20. Nd4 Qg5 21. Rxc8
Rxc8 22. b5 Rc5 23. a4 h5 24. Nf3 Qh6 25. Be5 Nc4 26. Bd4 Rc8 27. Qc1 Qxc1 28.
Rxc1 f6 29. Ne1 Ned2 30. Bxd5 exd5 31. Ng2 Nb3 32. Rd1 Ncd2 33. Be3 Rc2 34. Bxd2
Rxd2 35. Rxd2 Nxd2 36. Ne3 d4 37. Nc2 Nb3 38. Kg2 g5 39. Kf3 Nd2+ 40. Kg2 Nb3
41. Kf3 Nd2+ 1/2-1/2

[Event "2nd CHN-IND Summit 2017"]
[Site "Liaocheng CHN"]
[Date "2017.03.08"]
[Round "4.2"]
[White "Lu, Shanglei"]
[Black "Sethuraman, S.P."]
[Result "1/2-1/2"]
[WhiteTitle "GM"]
[BlackTitle "GM"]
[WhiteElo "2624"]
[BlackElo "2629"]
[WhiteTeam "China"]
[BlackTeam "India"]
[WhiteFideId "8603332"]
[BlackFideId "5021596"]
[EventDate "2017.03.05"]

1. e4 e6 2. d4 d5 3. exd5 exd5 4. Nf3 Nf6 5. Bd3 Bd6 6. O-O O-O 7. Bg5 Bg4 8.
Nbd2 Nbd7 9. c3 c6 10. Qc2 Qc7 11. Bh4 Rfe8 12. Rfe1 Bh5 13. Bg3 Bxg3 14. hxg3
Bg6 15. Bxg6 hxg6 16. Qd3 Qd6 17. a4 a5 18. Rxe8+ Rxe8 19. Re1 Rxe1+ 20. Nxe1
Qe7 21. Nc2 Nb6 22. b3 Kf8 23. f3 Nh5 24. Nf1 Nf6 25. Nd2 Nh5 26. Nf1 Nf6 27.
Nd2 Nh5 28. Nf1 Nf6 29. Nd2 Nh5 30. Nf1 Nf6 1/2-1/2